Central Library OPAC University of Rajshahi

No exit, and three other plays / (Record no. 86182)

MARC details
000 -LEADER
fixed length control field 00941nam a2200301 a 4500
001 - CONTROL NUMBER
control field 86182
003 - CONTROL NUMBER IDENTIFIER
rucl marc code BD-RjUL
005 - DATE AND TIME OF LATEST TRANSACTION
control field 20260219100520.0
008 - FIXED-LENGTH DATA ELEMENTS--GENERAL INFORMATION
fixed length control field 260219s1989 nyu 000 0 eng
020 ## - INTERNATIONAL STANDARD BOOK NUMBER
International Standard Book Number 0679725164 :
International Standard Book Number 9780679725169
035 ## - SYSTEM CONTROL NUMBER
System control number (BD-RjUL)86182
040 ## - CATALOGING SOURCE
Original cataloging agency DLC
Transcribing agency DLC
Modifying agency DLC
-- BD-RjUL
Language of cataloging eng
041 0# - LANGUAGE CODE
Language code of text/sound track or separate title eng
Language code of original fre
082 00 - DEWEY DECIMAL CLASSIFICATION NUMBER
Edition number 20
Classification number 842.914
Author mark and year SAN 1989
100 1# - MAIN ENTRY--PERSONAL NAME
Personal name Sartre, Jean-Paul,
Dates associated with a name 1905-1980.
9 (RLIN) 17733
245 10 - TITLE STATEMENT
Title No exit, and three other plays /
Statement of responsibility, etc. by Jean-Paul Sartre.
250 ## - EDITION STATEMENT
Edition statement Vintage International ed.
260 ## - PUBLICATION, DISTRIBUTION, ETC. (IMPRINT)
Place of publication, distribution, etc. New York :
Name of publisher, distributor, etc. Vintage International,
Date of publication, distribution, etc. 1989.
300 ## - PHYSICAL DESCRIPTION
Pagination 275 p. ;
Size 21 cm.
336 ## - CONTENT TYPE
Content type term text
Content type code txt
Source rdacontent
337 ## - MEDIA TYPE
Media type term unmediated
Media type code n
Source rdamedia
338 ## - CARRIER TYPE
Carrier type term volume
Carrier type code nc
Source rdacarrier
500 ## - GENERAL NOTE
General note Translated from the French.
600 10 - SUBJECT ADDED ENTRY--PERSONAL NAME
Personal name Sartre, Jean-Paul,
Dates associated with a name 1905-1980
General subdivision Translations into English.
942 ## - ADDED ENTRY ELEMENTS (KOHA)
Source of classification or shelving scheme Dewey Decimal Classification
Koha item type Books
Holdings
Lost status Source of classification or shelving scheme Damaged status Not for loan Collection code Permanent Location Current Location Shelving location Date acquired Source of acquisition Cost, normal purchase price Total Checkouts Full call number Date last seen Copy number Koha item type
  Dewey Decimal Classification   Not For Loan Non-fiction Central Library, University of Rajshahi Central Library, University of Rajshahi Reading Room 17/02/2026 Book Finder, Dhaka 1339.00   842.914 SAN 1989 19/02/2026 C-1 Books
  Dewey Decimal Classification     Non-fiction Central Library, University of Rajshahi Central Library, University of Rajshahi General Stacks 17/02/2026 Book Finder, Dhaka 1339.00   842.914 SAN 1989 19/02/2026 C-2 Books
  Dewey Decimal Classification     Non-fiction Central Library, University of Rajshahi Central Library, University of Rajshahi General Stacks 17/02/2026 Book Finder, Dhaka 1339.00   842.914 SAN 1989 19/02/2026 C-3 Books